000 01128cam a2200337 a 4500
001 2992
003 BD-DhBUF
005 20260202132441.0
008 920515s1992 caua b 001 0 eng
010 _a 92020107
020 _a1555424597 (alk. paper)
035 _a(OCoLC)26012515 930907
035 _a(StEdNL)1970421-nlsdb-Voyager
040 _aDLC
_cDLC
_dCOU
_dNLE
043 _an-us---
049 _aNLES
050 0 0 _aHD38.2
_b.M67 1992
082 0 0 _a658.4/092
_220
096 _aHD 38.2 M878n 1992
100 1 _aMorrison, Ann M.
_91195
245 1 4 _aThe new leaders :
_bguidelines on leadership diversity in America /
_cAnn M. Morrison.
260 _aSan Francisco, Calif. :
_bJossey-Bass,
_cc1992.
300 _axxiii, 317 p. :
_bill. ;
_c24 cm.
440 4 _aThe Jossey-Bass management series
504 _aIncludes bibliographical references (p. 299-308) and index.
650 0 _aExecutives
_zUnited States.
_93216
650 0 _aWomen executives
_zUnited States.
650 0 _aMinority executives
_zUnited States.
_94326
650 0 _aAffirmative action programs
_zUnited States.
_94327
942 _2ddc
_cBK
999 _c2992
_d2992